Political Parties in Knesset (Israel) - Statistics

General Stats
  • This quiz has been taken 124 times
    89 since last reset
  • The average score is 5 of 15
Answer Stats
Seats Ideology Party % Correct
32 National liberalism Likud
100%
4 Social democracy Labor
71%
24 Secular liberalism Yesh Atid
65%
11 Religious conservatism (Sephardic) Shas
57%
5 Arab interests/Islamism United Arab List (Ra'am)
40%
6 Liberalism Blue and White/Israel Resilience Party
38%
6 Jewish ultranationalism (Kahanism) Otzma Yehudit
31%
1 Arab nationalism Ta'al
25%
1 Religious/social conservatism Noam
23%
3 Communism Maki (Israeli Communist Party)
22%
6 National liberalism Yisrael Beiteinu
22%
7 Ultranationalism Religious Zionist
20%
4 National liberalism New Hope
15%
4 Religious conservatism (Haredi/Hasidic) Agudat Yisrael
12%
3 Religious conservatism (Haredi) Degel HaTorah
9%
No matching quizzes found
Score Distribution
Percent of People with Each Score
Percentile by Number Answered
Your Score History
You have not taken this quiz since the last reset